Statistics for Bolt - Characters by Picture

Click here to take the quiz!

General Stats

  • This quiz has been taken 10 times
  • The average score is 7 of 14

Answer Stats

Answer% Correct
Bolt
100%
Mittens
75%
Penny
75%
Dr. Calico
63%
Rhino
63%
Mindy Parker
50%
Penny's Mother
50%
The Agent
50%
The Director
50%
Billy
38%
Lloyd
38%
Blake
13%
Officer Martin
13%
Tom
13%

Score Distribution

Percentile by Number Answered

Percent of People with Each Score

Your Score History

You have not taken this quiz